Old Master Week : 25 January-2 February 2013 /

Guardado en:
书目详细资料
企业作者: Sotheby's
格式: 图书
语言:英语
出版: Nueva York, EUA : Sotheby's, 2013
标签: 添加标签
没有标签, 成为第一个标记此记录!

MARC

LEADER 00000nam^a2200000^a^4500
001 000584512
005 20250526000000.0
009 20260310132710.992
037 |a Acervo ITESO - Biblioteca 
041 |a ING 
091 |a FCO. 00888 
110 |a Sotheby's 
245 1 0 |a Old Master Week :  |b 25 January-2 February 2013 / 
264 1 |a Nueva York, EUA :  |b Sotheby's,  |c 2013 
300 |a 167 p. ;  |c 21.0 cm. 
336 |a texto  |b txt  |2 rdacontenido 
337 |a sin mediación  |b n  |2 rdamedio 
338 |a volumen  |b nc  |2 rdasoporte 
649 |a XX 
910 |a Fondo Erich Coufal Kieswetter 
920 |a Impresos - Libros 
930 |a Libros Antiguos y Raros 
905 |a 142 
901 |a 0500412611  |b IT2  |c LRA  |i D  |u 20250526 
902 |a https://opac.biblio.iteso.mx/vufind/Record/000584512